| 000 | 00495cam a2200181ua 4500 | ||
|---|---|---|---|
| 001 | 1712 | ||
| 008 | 110716n ii |||gr||||Z||||||eng | ||
| 040 | _cMAIN | ||
| 082 | _a333.31 | ||
| 100 |
_aDutta, Harendra Ch., _eAuthor. |
||
| 245 | 1 |
_aLand problems and land reforms in assam _cby harendra Ch. Dutta |
|
| 250 | _a1st. | ||
| 260 |
_anew Delhi: _bS. Chand & co.,968. |
||
| 300 |
_aiii; 159p: _c23cm. |
||
| 653 | _aEconomics | ||
| 653 | _aland problems and land reforms in assam | ||
| 942 | _cBK | ||
| 999 |
_c1596 _d1596 |
||